[Event "MK Cafe Cup-B"]
[Site "?"]
[Date "1998.??.??"]
[Round "10"]
[White "Okhotnik Vladimir"]
[Black "Shishkin Vadim"]
[Result "1/2-1/2"]
[WhiteElo "2405"]
[BlackElo "2440"]
[PlyCount "126"]
[EventDate "1998.??.??"]
[Source "www.chesslib.no"]
[SourceDate "2004.05.04"]

1. d4 c5 2. d5 f5 3. Nc3 Nf6 4. h4 e5 5. dxe6 d5 6. Nh3 d4 7. Nb1 Bxe6 8. Nf4 Bf7 9. e3 Nc6 10. exd4 cxd4 11. Qe2+ Qe7 12. Qxe7+ Bxe7 13. Bd3 g6 14. Nd2 O-O-O 15. Nf3 Rhe8 16. O-O Ne4 17. a3 Bf6 18. Nh3 Bd5 19. Nf4 Bg8 20. Rd1 a6 21. Bf1 Ne5 22. Nxe5 Bxe5 23. g3 Kb8 24. Nd3 Bc7 25. Bh6 Ka7 26. a4 Bc4 27. Bg2 a5 28. Bf1 Bb6 29. Re1 Rc8 30. Rac1 Ba6 31. b3 Nc5 32. Rxe8 Rxe8 33. Nf4 Ne4 34. Bxa6 Kxa6 35. Nd3 Nc5 36. Re1 Rc8 37. Re7 Ne4 38. Rxh7 Rxc2 39. b4 Rc3 40. b5+ Ka7 41. Ne5 Rc8 42. Rd7 d3 43. Nxd3 Nxg3 44. Be3 Bxe3 45. fxe3 Ne2+ 46. Kg2 Nc3 47. Rd4 Re8 48. Kf3 Ne4 49. Nf2 Nc5 50. e4 fxe4+ 51. Nxe4 Rf8+ 52. Kg3 Nxe4+ 53. Rxe4 Rf1 54. Kg2 Rf5 55. Rg4 Rf6 56. Kg3 Kb6 57. Rf4 Rd6 58. Kg4 Kc5 59. Kg5 Re6 60. Rg4 Rd6 61. Kh6 Re6 62. Kg7 Rd6 63. Kf7 b6 1/2-1/2

[Event "La Bordeta op"]
[Site "?"]
[Date "1999.??.??"]
[Round "9"]
[White "Jose Abril Ramon"]
[Black "Moskalenko Viktor"]
[Result "1/2-1/2"]
[WhiteElo "2365"]
[BlackElo "2470"]
[PlyCount "24"]
[EventDate "1999.??.??"]
[Source "www.chesslib.no"]
[SourceDate "2004.05.04"]

1. d4 c5 2. d5 f5 3. g3 Nf6 4. Bg2 g6 5. c4 Bg7 6. Nc3 O-O 7. Nh3 d6 8. Nf4 Na6 9. O-O Nc7 10. Qc2 a6 11. a4 b6 12. Bd2 Rb8 1/2-1/2

[Event "World Cup VII Final"]
[Site "Cork World Cup VII Final"]
[Date "1994.??.??"]
[Round "?"]
[White "Krueger, Thomas"]
[Black "Topchy, Genrikh"]
[Result "0-1"]
[WhiteElo "2410"]
[BlackElo "2425"]
[PlyCount "52"]
[EventDate "1994.??.??"]
[Source "www.chesslib.no"]
[SourceDate "2004.05.04"]

1. d4 c5 2. d5 f5 3. e4 fxe4 4. Nc3 Nf6 5. g4 h6 6. Bg2 d6 7. h3 e6 8. g5 hxg5 9. Bxg5 exd5 10. Nxd5 Be7 11. Bxf6 Bxf6 12. Qe2 O-O 13. Bxe4 Bg5 14. Nf3 Nc6 15. Nc7 Rb8 16. Rd1 Bh6 17. Qc4+ Kh8 18. Nb5 Qe7 19. Qe2 Bf5 20. Bxf5 Rxf5 21. Qxe7 Nxe7 22. Nh4 Re5+ 23. Kf1 d5 24. Nf3 Rf5 25. Re1 Nc6 26. Kg2 Rbf8 0-1

[Event "Trnava"]
[Site "?"]
[Date "1987.??.??"]
[Round "?"]
[White "Plachetka, J."]
[Black "Robatsch, K."]
[Result "1-0"]
[WhiteElo "2435"]
[BlackElo "2400"]
[PlyCount "63"]
[EventDate "1987.??.??"]
[Source "ChessBase"]
[SourceDate "1987.01.01"]

1. d4 c5 2. d5 f5 3. Nc3 Nf6 4. Bg5 Qb6 5. Qd2 g6 6. e4 Nxe4 7. Nxe4 fxe4 8. c3 d6 9. f3 exf3 10. Nxf3 Bg4 11. Nh4 Na6 12. a4 Bg7 13. Bb5+ Bd7 14. O-O Bxb5 15. axb5 c4+ 16. Kh1 Nc5 17. Qe2 Be5 18. Qxc4 Nd7 19. Qg4 Qxb5 20. c4 Qb6 21. Nf3 Bf6 22. Bxf6 exf6 23. Rfe1+ Kd8 24. Nd4 Ne5 25. Ne6+ Ke7 26. Qh4 Qb4 27. Rf1 Raf8 28. Nxf8 Rxf8 29. Qxh7+ Rf7 30. Qg8 Qxc4 31. Rac1 Qxd5 32. Rc7+ 1-0

[Event "Lalin Open"]
[Site "Lalin"]
[Date "1994.??.??"]
[Round "2"]
[White "Viladiu Martinez, Josep"]
[Black "Lima, Darcy"]
[Result "0-1"]
[WhiteElo "2325"]
[BlackElo "2500"]
[PlyCount "71"]
[EventDate "1994.??.??"]
[Source "www.chesslib.no"]
[SourceDate "2004.05.04"]

1. d4 c5 2. d5 f5 3. e4 fxe4 4. f3 exf3 5. Nxf3 Nf6 6. Nc3 Qb6 7. Ne5 d6 8. Bb5+ Nbd7 9. Nc4 Qc7 10. Qe2 a6 11. Bf4 Kd8 12. O-O axb5 13. Nxb5 Qb8 14. Rae1 Ra6 15. g4 h6 16. b3 Rxa2 17. h4 b6 18. g5 hxg5 19. hxg5 Qb7 20. Bxd6 exd6 21. gxf6 Ne5 22. Nxe5 dxe5 23. Qxe5 Qd7 24. Rf2 Rh6 25. Qg5 Qg4+ 26. Qxg4 Bxg4 27. f7 Bd7 28. Nc3 Rg6+ 29. Kh1 Ra8 30. Ne4 Kc7 31. c4 Rh6+ 32. Kg2 Rg6+ 33. Kf3 Ra3 34. Re3 Ra1 35. Kf4 Rh1 36. Ref3 0-1

[Event "Geller Mem, Odessa UKR"]
[Site "?"]
[Date "2001.??.??"]
[Round "6"]
[White "Zakharchenko, A."]
[Black "Shevchenko, S1."]
[Result "1-0"]
[WhiteElo "2395"]
[BlackElo "2425"]
[PlyCount "63"]
[EventDate "2001.??.??"]
[Source "www.chesslib.no"]
[SourceDate "2004.05.04"]

1. d4 c5 2. d5 f5 3. Nf3 Nf6 4. Nc3 g6 5. g3 Bg7 6. Bg2 O-O 7. O-O d6 8. Re1 Na6 9. e4 fxe4 10. Ng5 Rb8 11. Ncxe4 b5 12. Nxf6+ Rxf6 13. Bd2 b4 14. a3 h6 15. Ne4 Rf8 16. axb4 Nxb4 17. Bc3 a5 18. Bxg7 Kxg7 19. Nc3 Na6 20. b3 Rb4 21. Re3 c4 22. Qd4+ Kh7 23. bxc4 Rf7 24. Nb5 Nc5 25. Rae1 Ba6 26. Qh4 Bxb5 27. Rxe7 g5 28. Rxf7+ Kg6 29. Qg4 Bd7 30. Qf3 Qh8 31. Rxd7 Nxd7 32. Qe4+ 1-0

[Event "DEN-chT 9697"]
[Site "?"]
[Date "1997.??.??"]
[Round "6"]
[White "Brinck Claussen Bjorn"]
[Black "Pedersen Steffen"]
[Result "1/2-1/2"]
[WhiteElo "2395"]
[BlackElo "2415"]
[PlyCount "105"]
[EventDate "1997.??.??"]
[Source "www.chesslib.no"]
[SourceDate "2004.05.04"]

1. d4 c5 2. d5 f5 3. Nc3 Nf6 4. g3 g6 5. Bg2 d6 6. Nh3 Na6 7. O-O Bg7 8. Nf4 Nc7 9. a4 O-O 10. e4 fxe4 11. Nxe4 Nxe4 12. Bxe4 Bf5 13. Bg2 Qd7 14. c3 g5 15. Ne6 Nxe6 16. dxe6 Bxe6 17. Bxg5 Bf5 18. a5 Rab8 19. Qd2 b5 20. Bh6 Bxh6 21. Qxh6 Rf6 22. Qd2 Kh8 23. Rfe1 e5 24. f4 exf4 25. Qxf4 Rbf8 26. Rf1 Qg7 27. Qd2 Bg6 28. Rxf6 Rxf6 29. Re1 Qc7 30. Qe2 Qxa5 31. Qe7 Rf7 32. Qxd6 Qc7 33. Re8+ Kg7 34. Qxc7 Rxc7 35. Rb8 Bd3 36. Bf1 c4 37. Rxb5 Re7 38. Bxd3 cxd3 39. Rd5 Re1+ 40. Kg2 Re2+ 41. Kh3 Rxb2 42. Rxd3 Rc2 43. Kg4 a5 44. h4 a4 45. Kg5 a3 46. g4 a2 47. Rd7+ Kg8 48. Ra7 Rxc3 49. Rxa2 Rc5+ 50. Kh6 Rc6+ 51. Kh5 Rc5+ 52. g5 Rc4 53. Rb2 1/2-1/2

[Event "Hillerod Politiken"]
[Site "Hillerod"]
[Date "1995.??.??"]
[Round "6"]
[White "Brynell, Stellan"]
[Black "Christensen, T."]
[Result "1-0"]
[WhiteElo "2435"]
[BlackElo "2375"]
[PlyCount "69"]
[EventDate "1995.??.??"]
[Source "ChessBase"]

1. d4 c5 2. d5 f5 3. Nc3 Nf6 4. Bg5 Qb6 5. Qd2 h6 6. Bxf6 Qxf6 7. O-O-O d6 8. e4 g6 9. Bd3 Bg7 10. exf5 Bxf5 11. Bxf5 Qxf5 12. Nge2 Nd7 13. Nf4 Bxc3 14. bxc3 Nb6 15. Ne6 Kd7 16. Rhe1 Rh7 17. f3 Nc4 18. Qd3 Qxd3 19. cxd3 Ne5 20. Nxc5+ dxc5 21. Rxe5 Rf8 22. Rde1 g5 23. R1e4 Rf6 24. Re6 Rf5 25. c4 h5 26. Kd2 g4 27. f4 Rhf7 28. Ke3 Rh7 29. a4 Kd8 30. a5 Kd7 31. d4 cxd4+ 32. Kxd4 Rhf7 33. g3 Rh7 34. c5 h4 35. a6 1-0

[Event "Sparkasse Open"]
[Site "?"]
[Date "1998.??.??"]
[Round "?"]
[White "Leitao Rafael"]
[Black "Donner Bernd"]
[Result "1/2-1/2"]
[WhiteElo "2515"]
[BlackElo "2290"]
[PlyCount "72"]
[EventDate "1998.??.??"]
[Source "www.chesslib.no"]
[SourceDate "2004.05.04"]

1. d4 c5 2. d5 f5 3. Nc3 Nf6 4. g3 e5 5. dxe6 d5 6. Bg5 d4 7. Bxf6 gxf6 8. e3 Bxe6 9. exd4 cxd4 10. Qe2 Kf7 11. Qh5+ Kg7 12. O-O-O Nc6 13. Nf3 Bc5 14. Nh4 Ne7 15. g4 Qe8 16. Qxe8 Rhxe8 17. Nb5 Rac8 18. Nxd4 Bxd4 19. Rxd4 fxg4 20. Bg2 Nc6 21. Bxc6 Rxc6 22. Re1 Kf7 23. c3 Rc7 24. a3 Rce7 25. Kd2 Bd7 26. Rxe7+ Rxe7 27. Ng2 Kg6 28. Nf4+ Kg5 29. Nd5 Rf7 30. c4 f5 31. Nf4 Bc6 32. b4 Be4 33. Ne6+ Kh4 34. Nf4 Kg5 35. Ne6+ Kh4 36. Nf4 Kg5 1/2-1/2

[Event "FRA Team Ch"]
[Site "France"]
[Date "1994.??.??"]
[Round "?"]
[White "Haik, Aldo"]
[Black "Vaisman, Volodia"]
[Result "1-0"]
[WhiteElo "2410"]
[BlackElo "2395"]
[PlyCount "75"]
[EventDate "1994.??.??"]
[Source "www.chesslib.no"]
[SourceDate "2004.05.04"]

1. d4 c5 2. d5 f5 3. Nc3 Nf6 4. g3 g6 5. Bg2 Bg7 6. Nh3 O-O 7. O-O d6 8. Nf4 Na6 9. e4 Nc7 10. exf5 Bxf5 11. h3 Rb8 12. Re1 b5 13. g4 Bc8 14. a3 a5 15. Ne6 Bxe6 16. dxe6 b4 17. axb4 axb4 18. Ne2 Nfe8 19. Ra7 Bf6 20. f4 Bh4 21. Rf1 Ng7 22. f5 gxf5 23. gxf5 Rxf5 24. Rxf5 Nxf5 25. Nf4 Ng7 26. Qg4 Bf6 27. Be4 Nb5 28. Rd7 Qf8 29. Kg2 Nd4 30. c3 bxc3 31. bxc3 Nb5 32. Ng6 Qe8 33. Bg5 Nxc3 34. Nxe7+ Bxe7 35. Rxe7 Rb2+ 36. Kh1 Qa4 37. Rxg7+ Kxg7 38. Be7+ 1-0

[Event "Rubinstein Open, Polanica Zdroj POL"]
[Site "?"]
[Date "2001.??.??"]
[Round "5"]
[White "Jedynak, R."]
[Black "Shishkin, Va"]
[Result "1-0"]
[WhiteElo "2345"]
[BlackElo "2455"]
[PlyCount "83"]
[EventDate "2001.??.??"]
[Source "www.chesslib.no"]
[SourceDate "2004.05.04"]

1. d4 c5 2. d5 f5 3. b3 e5 4. dxe6 d5 5. Bb2 Bxe6 6. e3 Nc6 7. Nf3 Nf6 8. Nbd2 Be7 9. c4 Qd7 10. cxd5 Bxd5 11. Bb5 Qe6 12. Ng5 Qg8 13. O-O a6 14. Bd3 h6 15. Nh3 g6 16. Qe2 O-O-O 17. e4 fxe4 18. Nxe4 Qf7 19. Nf4 Rhe8 20. Nxf6 Bxf6 21. Qg4+ Be6 22. Nxe6 Qxe6 23. Qxg6 Rxd3 24. Qxf6 Qxf6 25. Bxf6 Re2 26. Rfe1 Rdd2 27. Rxe2 Rxe2 28. Bg7 h5 29. h4 Kd7 30. Kf1 Rc2 31. Re1 Rxa2 32. g4 hxg4 33. h5 Ne7 34. h6 g3 35. fxg3 Rh2 36. Kg1 Rh5 37. Re5 Rxe5 38. Bxe5 Ng6 39. h7 b5 40. h8=Q Nxh8 41. Bxh8 a5 42. Kf2 1-0

[Event "Corr"]
[Site "?"]
[Date "2002.05.01"]
[Round "?"]
[White "Pitkanen Juhani (FIN)"]
[Black "Nicholls Mervyn C.(ENG)"]
[Result "1-0"]
[WhiteElo "2416"]
[BlackElo "2380"]
[PlyCount "34"]
[EventDate "2002.??.??"]
[Source "www.chesslib.no"]
[SourceDate "2004.05.04"]

1. d4 c5 2. d5 f5 3. Nc3 Nf6 4. Bg5 Qb6 5. Rb1 g6 6. Bxf6 Qxf6 7. Nf3 Bg7 8. e3 d6 9. Nb5 Na6 10. Bc4 O-O 11. O-O Bd7 12. a4 Rfc8 13. c3 Nc7 14. Re1 a6 15. Nxc7 Rxc7 16. Ra1 b6 17. Qe2 Rca7 1-0

[Event "JUG Team Ch women"]
[Site "Tivat"]
[Date "1995.??.??"]
[Round "9"]
[White "Prudnikova, Svetlana"]
[Black "Chelushkina, Irina"]
[Result "0-1"]
[WhiteElo "2405"]
[BlackElo "2370"]
[PlyCount "62"]
[EventDate "1995.??.??"]
[Source "www.chesslib.no"]
[SourceDate "2004.05.04"]

1. d4 c5 2. d5 f5 3. c4 Nf6 4. Nc3 d6 5. g3 g6 6. Bg2 Bg7 7. Nh3 Na6 8. O-O O-O 9. e4 Nxe4 10. Nxe4 fxe4 11. Ng5 Nc7 12. Rb1 b5 13. Bxe4 bxc4 14. Nxh7 Bf5 15. Ng5 Rb8 16. Qc2 Qd7 17. Bd2 Bd4 18. Kg2 Kg7 19. Bc3 e5 20. dxe6 Nxe6 21. Bxf5 Rxf5 22. Nxe6+ Qxe6 23. Rbe1 Qf7 24. Re4 Qd5 25. Rd1 Rxf2+ 26. Qxf2 Qxe4+ 27. Qf3 Re8 28. Bxd4+ cxd4 29. Qxe4 Rxe4 30. Kf3 d5 31. b3 c3 0-1

[Event "Caldas de Reis op"]
[Site "?"]
[Date "1992.??.??"]
[Round "8"]
[White "Ziegler Ari"]
[Black "Shereshevski Mikhail"]
[Result "0-1"]
[WhiteElo "2295"]
[BlackElo "2480"]
[PlyCount "80"]
[EventDate "1992.??.??"]
[Source "www.chesslib.no"]
[SourceDate "2004.05.04"]

1. d4 c5 2. d5 f5 3. Nc3 Nf6 4. Bg5 Qb6 5. Qd3 Ne4 6. Nxe4 fxe4 7. Qb3 Qg6 8. Be3 e5 9. dxe6 d5 10. Bxc5 Bxc5 11. Qb5+ Nc6 12. Qxc5 Qf6 13. O-O-O Bxe6 14. e3 Rc8 15. Nh3 Bxh3 16. gxh3 Ne7 17. Bb5+ Kf7 18. Qd4 Qxd4 19. Rxd4 Ke6 20. Be2 Rc7 21. Bg4+ Kd6 22. Rhd1 h5 23. Be2 Rf8 24. Rf1 g6 25. Rd2 Ke5 26. f3 Nf5 27. fxe4 dxe4 28. Bb5 Rf6 29. Re2 Rcf7 30. Ba4 Nd6 31. Rxf6 Rxf6 32. Bb3 Rf3 33. h4 Nf5 34. Kd2 Nxh4 35. c3 g5 36. Bd1 g4 37. c4 Rf1 38. b4 Nf3+ 39. Kc2 h4 40. a4 h3 0-1

[Event "Zalakaros op"]
[Site "?"]
[Date "2003.05.21"]
[Round "6"]
[White "Portisch Ferenc"]
[Black "Okhotnik Vladimir"]
[Result "1/2-1/2"]
[WhiteElo "2318"]
[BlackElo "2453"]
[PlyCount "104"]
[EventDate "2003.??.??"]
[Source "www.chesslib.no"]
[SourceDate "2004.05.04"]

1. d4 c5 2. d5 f5 3. e4 fxe4 4. Nc3 Nf6 5. Nge2 Qb6 6. Ng3 g6 7. Ngxe4 Nxe4 8. Nxe4 Qb4+ 9. Nc3 Bg7 10. Qd2 b6 11. Be2 Ba6 12. O-O Qd4 13. Bb5 Qxd2 14. Bxd2 Bxc3 15. Bxc3 Bxb5 16. Bxh8 Bxf1 17. Kxf1 Na6 18. c4 d6 19. Bc3 b5 20. b3 bxc4 21. bxc4 Rb8 22. Ke2 Kd7 23. Kd2 Nc7 24. f4 Rf8 25. g3 g5 26. Rf1 gxf4 27. gxf4 e6 28. dxe6+ Kxe6 29. Re1+ Kd7 30. Rf1 Rf5 31. Rf3 Rh5 32. h3 Ke6 33. Re3+ Kf7 34. Rg3 Na8 35. Ba5 Nb6 36. Bxb6 axb6 37. Ke3 Ke6 38. Ke4 d5+ 39. cxd5+ Rxd5 40. Rb3 Rd4+ 41. Ke3 Rd6 42. Ke4 c4 43. Rb2 Rc6 44. a4 h5 45. f5+ Kf7 46. Rc2 Rc5 47. Kd4 Rxf5 48. Rxc4 Rf3 49. Rb4 Rxh3 50. Rxb6 Ra3 51. Ke4 h4 52. Kf5 Rxa4 1/2-1/2

[Event "Decin Open"]
[Site "Decin CZE"]
[Date "1996.??.??"]
[Round "6"]
[White "Kopjonkin, Gennady"]
[Black "Sergienko, Sergey"]
[Result "0-1"]
[WhiteElo "2345"]
[BlackElo "2425"]
[PlyCount "63"]
[EventDate "1996.??.??"]
[Source "www.chesslib.no"]
[SourceDate "2004.05.04"]

1. d4 c5 2. d5 f5 3. e4 fxe4 4. Nc3 Nf6 5. f3 exf3 6. Nxf3 Na6 7. Bc4 Nc7 8. O-O d6 9. Bg5 Bg4 10. h3 Bh5 11. Rb1 Qd7 12. a4 h6 13. Be3 g5 14. Nb5 Bg7 15. Bxc5 a6 16. Nxd6+ exd6 17. Qe1+ Kd8 18. Bb6 Kc8 19. Qa5 g4 20. Nd4 gxh3 21. Bxc7 Qg4 22. Rf2 Qxd4 23. Bxd6 Ne8 24. Qc5+ Kd7 25. Re1 Nxd6 26. Re7+ Kxe7 27. Qc7+ Ke8 28. Qxd6 Qe5 29. Qb6 Rf8 30. Bb5+ axb5 31. Qxb5+ Kd8 32. Qb6+ 0-1

[Event "Team Championships"]
[Site "?"]
[Date "1998.05.23"]
[Round "8"]
[White "Fernandes Antonio M"]
[Black "Vitor Antonio"]
[Result "1-0"]
[WhiteElo "2490"]
[BlackElo "2280"]
[PlyCount "61"]
[EventDate "1998.??.??"]
[Source "www.chesslib.no"]
[SourceDate "2004.05.04"]

1. d4 c5 2. d5 f5 3. Nf3 g6 4. Nc3 Bg7 5. g3 d6 6. Bg2 Bxc3+ 7. bxc3 Qa5 8. O-O Nf6 9. c4 Qa4 10. Qd3 Nbd7 11. Bb2 Rf8 12. Nd2 Nb6 13. Rfb1 Kd8 14. Bc3 Kc7 15. Rb5 Rf7 16. Rab1 Ne4 17. Ra5 Nxc3 18. Qxc3 Qe8 19. Qa3 Bd7 20. Nf3 h6 21. Ne5 dxe5 22. Rxb6 axb6 23. Rxa8 Bc8 24. Qa7 e4 25. a4 Rf6 26. a5 Kd8 27. Qxb7 Qd7 28. a6 Rd6 29. Rb8 b5 30. cxb5 Rxd5 31. Rxc8+ 1-0

[Event "Cannes op"]
[Site "Cannes"]
[Date "1996.??.??"]
[Round "4"]
[White "Verat, Laurent"]
[Black "Summerscale, Aaron"]
[Result "0-1"]
[WhiteElo "2300"]
[BlackElo "2465"]
[PlyCount "94"]
[EventDate "1996.02.??"]
[Source "ChessBase"]

1. d4 c5 2. d5 f5 3. Nc3 Nf6 4. Bg5 Qb6 5. Qd2 Qxb2 6. Rb1 Qa3 7. Bxf6 gxf6 8. e3 d6 9. Bb5+ Nd7 10. Nge2 a6 11. Ba4 c4 12. Bxd7+ Kxd7 13. Nd4 Kd8 14. O-O b5 15. Nc6+ Ke8 16. e4 Bd7 17. exf5 Bxc6 18. dxc6 Qc5 19. Rfe1 Qxc6 20. Nd5 Kf7 21. Rbd1 Rg8 22. Qe2 Ra7 23. Qe6+ Kg7 24. Re3 Kh8 25. Qf7 Qa8 26. Re6 Rg7 27. Qh5 Rc7 28. Qe2 Rc5 29. Qe4 a5 30. f3 b4 31. h4 Qa7 32. Qd4 Qb7 33. h5 a4 34. Kh2 b3 35. cxb3 cxb3 36. axb3 axb3 37. Re2 Rf7 38. Rb2 Bh6 39. Qd3 Rb5 40. g4 Rf8 41. Kg3 Rb8 42. f4 Rc5 43. Kh4 Bg7 44. Qe4 e5 45. g5 exf4 46. gxf6 Rxd5 47. fxg7+ Qxg7 0-1

[Event "POL Team Ch"]
[Site "Lubniewice POL"]
[Date "1995.??.??"]
[Round "1"]
[White "Szymczak, Zbigniew"]
[Black "Jakubiec, Artur"]
[Result "0-1"]
[WhiteElo "2355"]
[BlackElo "2410"]
[PlyCount "70"]
[EventDate "1995.??.??"]
[Source "www.chesslib.no"]
[SourceDate "2004.05.04"]

1. d4 c5 2. d5 f5 3. g3 Nf6 4. Bg2 g6 5. Nh3 Bg7 6. O-O O-O 7. Nc3 Na6 8. e4 d6 9. Nf4 Nc7 10. a4 Qe8 11. exf5 Bxf5 12. h3 g5 13. g4 gxf4 14. gxf5 Bh6 15. Kh2 Qh5 16. Qxh5 Nxh5 17. Be4 Kh8 18. Bd2 Ng7 19. Ne2 Nxf5 20. Bxf4 Bxf4+ 21. Nxf4 Nd4 22. Ng2 e6 23. c4 exd5 24. cxd5 Rae8 25. Rae1 Rf3 26. Bb1 Rxe1 27. Rxe1 Rxf2 28. Re7 Nxd5 29. Rxh7+ Kg8 30. Rxb7 Ne3 31. Be4 Ne2 32. Re7 Kf8 33. Rxa7 Nf1+ 34. Kh1 Nfg3+ 35. Kh2 Nxe4 0-1

[Event "09.OIBayEM Bad Wiessee op"]
[Site "?"]
[Date "2005.11.02"]
[Round "5"]
[White "Romanishin Oleg"]
[Black "Pfleger Michael"]
[Result "1-0"]
[WhiteElo "2547"]
[BlackElo "2217"]
[PlyCount "60"]
[EventDate "2005.??.??"]
[Source "www.chesslib.no"]
[SourceDate "2004.05.04"]

1. d4 c5 2. d5 f5 3. c4 g6 4. g3 Bg7 5. Bg2 d6 6. Nh3 Qb6 7. Nd2 Nf6 8. O-O Nbd7 9. a4 Ne5 10. Ra3 Rb8 11. Ng5 h6 12. Ngf3 O-O 13. e4 Nxf3+ 14. Bxf3 Qb4 15. exf5 Bxf5 16. Re3 Rf7 17. b3 Re8 18. Ne4 Nxe4 19. Bxe4 Bd4 20. Bxf5 Rxf5 21. Re6 Ref8 22. Rxg6+ Kf7 23. Re6 Ke8 24. Be3 Qc3 25. Bxd4 cxd4 26. f4 Re5 27. fxe5 Qe3+ 28. Kg2 Qe4+ 29. Kh3 Rxf1 30. Qxf1 dxe5 1-0

[Event "Polanica Zdroj Open"]
[Site "Polanica Zdroj POL"]
[Date "1995.??.??"]
[Round "8"]
[White "Szymczak, Zbigniew"]
[Black "Oliwa, Marek"]
[Result "1-0"]
[WhiteElo "2355"]
[BlackElo "2405"]
[PlyCount "75"]
[EventDate "1995.08.??"]
[Source "www.chesslib.no"]
[SourceDate "2004.05.04"]

1. d4 c5 2. d5 f5 3. g3 Nf6 4. Bg2 g6 5. Nh3 Bg7 6. O-O O-O 7. Nc3 d6 8. Nf4 Na6 9. e4 Nc7 10. a4 Rb8 11. exf5 Bxf5 12. Nb5 a6 13. Nxc7 Qxc7 14. Re1 b5 15. h3 Rf7 16. axb5 axb5 17. g4 Bd7 18. Ra3 Ne8 19. Rf3 Qd8 20. Ne6 Bxe6 21. dxe6 Rxf3 22. Qxf3 Bf6 23. Bg5 Kg7 24. h4 Qa5 25. c3 Qa4 26. Bxf6+ exf6 27. e7 Qb3 28. Qe2 Qc4 29. Qd1 Qa2 30. Qc2 Rc8 31. Qe2 Rb8 32. Qc2 Rc8 33. Qd2 Rb8 34. Bd5 Qa4 35. Re4 Qa1+ 36. Kg2 Rc8 37. g5 Qb1 38. Re1 1-0

[Event "Schneider Memorial Open"]
[Site "Budapest HUN"]
[Date "1991.??.??"]
[Round "2"]
[White "Schneider, Attila"]
[Black "Honfi, Karoly"]
[Result "0-1"]
[WhiteElo "2385"]
[BlackElo "2375"]
[PlyCount "54"]
[EventDate "1991.??.??"]
[Source "www.chesslib.no"]
[SourceDate "2004.05.04"]

1. d4 c5 2. d5 f5 3. g3 d6 4. Bg2 g6 5. Nh3 Nf6 6. Nf4 Na6 7. h4 Nc7 8. c4 a6 9. Nc3 Rb8 10. Qc2 b5 11. h5 Rg8 12. hxg6 hxg6 13. b3 Kf7 14. Rb1 Bg7 15. e4 b4 16. exf5 bxc3 17. Ne6 Bxe6 18. fxe6+ Kf8 19. Qxg6 Qe8 20. Qd3 Rh8 21. Rxh8+ Bxh8 22. g4 Kg8 23. g5 Ng4 24. Be4 Qh5 25. Bf4 Rf8 26. Bg6 Nxf2 27. Qc2 Nd3+ 0-1

[Event "Ostrava Open"]
[Site "Ostrava CZE"]
[Date "1992.??.??"]
[Round "6"]
[White "Meister, Yakov"]
[Black "Jakubiec, Artur"]
[Result "1-0"]
[WhiteElo "2445"]
[BlackElo "2315"]
[PlyCount "45"]
[EventDate "1992.??.??"]
[Source "www.chesslib.no"]
[SourceDate "2004.05.04"]

1. d4 c5 2. d5 f5 3. g4 fxg4 4. e4 d6 5. Nc3 g6 6. Bb5+ Nd7 7. Qxg4 a6 8. Be2 Ndf6 9. Qg2 e6 10. dxe6 Bxe6 11. Nf3 Ne7 12. Ng5 Bg8 13. Be3 Qc7 14. O-O-O h6 15. e5 dxe5 16. Nge4 Kf7 17. Rhg1 Nxe4 18. Nxe4 Kg7 19. Rd6 Bf7 20. Qg3 Kg8 21. Nf6+ Kg7 22. Qxe5 Nc6 23. Ne8+ 1-0

[Event "ASA"]
[Site "Tel Aviv ASA"]
[Date "1996.??.??"]
[Round "1"]
[White "Bykhovsky, Avigdor"]
[Black "Botvinnik, Ilia"]
[Result "1/2-1/2"]
[WhiteElo "2405"]
[BlackElo "2350"]
[PlyCount "37"]
[EventDate "1996.??.??"]
[Source "www.chesslib.no"]
[SourceDate "2004.05.04"]

1. d4 c5 2. d5 f5 3. g3 Nf6 4. Bg2 d6 5. Nh3 Na6 6. a4 Nc7 7. O-O g6 8. c4 Bg7 9. Nc3 Nh5 10. Bd2 Ne6 11. Qe1 Nxg3 12. e3 Kd7 13. Ng5 Nc7 14. Nd1 Nxd5 15. Nc3 Nxe3 16. Rd1 Nc2 17. Nd5 Na3 18. Nf4 Nh5 19. f3 1/2-1/2

[Event "Tel Aviv ISR"]
[Site "?"]
[Date "1996.??.??"]
[Round "1"]
[White "Bykhovsky Avigdor"]
[Black "Botvinnik Ilia"]
[Result "1/2-1/2"]
[WhiteElo "2405"]
[BlackElo "2350"]
[PlyCount "37"]
[EventDate "1996.??.??"]
[Source "www.chesslib.no"]
[SourceDate "2004.05.04"]

1. d4 c5 2. d5 f5 3. g3 Nf6 4. Bg2 d6 5. Nh3 Na6 6. a4 Nc7 7. O-O g6 8. c4 Bg7 9. Nc3 Nh5 10. Bd2 Ne6 11. Qc2 Nxg3 12. Nb1 Kd7 13. f3 Nc7 14. Qc3 Nxd5 15. Qf6 Ne3 16. a5 Nxc4 17. b3 Ne3 18. Rc1 f4 19. Bb4 1/2-1/2

[Event "South Wales 2nd"]
[Site "Newport"]
[Date "1999.01.13"]
[Round "4"]
[White "Panczyk, Krzysztof"]
[Black "Baker, Chris W"]
[Result "0-1"]
[WhiteElo "2365"]
[BlackElo "2390"]
[PlyCount "72"]
[EventDate "1999.01.??"]
[Source "ChessBase"]
[SourceDate "1999.03.01"]

1. d4 c5 2. d5 f5 3. g3 g6 4. Bg2 Bg7 5. Nh3 Nf6 6. Nf4 Na6 7. h4 e5 8. dxe6 dxe6 9. Qxd8+ Kxd8 10. Na3 e5 11. Nd5 Nxd5 12. Bxd5 Nc7 13. Bg5+ Ke8 14. Bg2 f4 15. O-O-O Ne6 16. Nb5 h6 17. Nd6+ Kf8 18. Nxc8 Rxc8 19. Bh3 Re8 20. Bxe6 hxg5 21. Bd5 gxh4 22. gxh4 Bf6 23. Bxb7 Rxh4 24. Rhg1 g5 25. Rd6 Kg7 26. Rgd1 Rh2 27. Be4 Rxf2 28. Rh1 Rd8 29. Rc6 Rxe2 30. Rc7+ Kf8 31. Bg6 Rd6 32. Bd3 Rg2 33. b3 f3 34. Rhh7 Rg1+ 35. Kd2 e4 36. Rc8+ Bd8 0-1

[Event "SWE Ch"]
[Site "Borlange SWE"]
[Date "1995.??.??"]
[Round "3"]
[White "Wessman, Richard"]
[Black "Backelin, Rikard"]
[Result "1-0"]
[WhiteElo "2440"]
[BlackElo "2310"]
[PlyCount "47"]
[EventDate "1995.07.??"]
[Source "www.chesslib.no"]
[SourceDate "2004.05.04"]

1. d4 c5 2. d5 f5 3. Nc3 Nf6 4. Bg5 Qb6 5. Qd2 h6 6. Bxf6 Qxf6 7. O-O-O d6 8. e3 g6 9. Bb5+ Kd8 10. Nge2 a6 11. Ne4 axb5 12. Nxf6 exf6 13. Nf4 Rg8 14. Kb1 Na6 15. Rhe1 Nc7 16. e4 fxe4 17. Rxe4 Bf5 18. Re2 Ra4 19. Ne6+ Nxe6 20. dxe6 Be7 21. b3 Ra6 22. Qf4 h5 23. f3 h4 24. g4 1-0

[Event "SWE Ch"]
[Site "Borlange SWE"]
[Date "1995.??.??"]
[Round "11"]
[White "Ornstein, Axel O"]
[Black "Backelin, Rikard"]
[Result "1-0"]
[WhiteElo "2440"]
[BlackElo "2310"]
[PlyCount "79"]
[EventDate "1995.07.??"]
[Source "www.chesslib.no"]
[SourceDate "2004.05.04"]

1. d4 c5 2. d5 f5 3. e4 fxe4 4. Nc3 Nf6 5. Nge2 Qa5 6. Bd2 Qb6 7. Ng3 g6 8. a4 Bg7 9. a5 Qc7 10. Nb5 Qd8 11. d6 Na6 12. Bc4 e6 13. h4 O-O 14. h5 b6 15. hxg6 hxg6 16. Bg5 Bb7 17. Nc3 bxa5 18. Bxa6 Bxa6 19. Ngxe4 Nxe4 20. Bxd8 Nxf2 21. Qd2 Nxh1 22. O-O-O Nf2 23. Be7 Nxd1 24. Bxf8 Bxc3 25. bxc3 Rxf8 26. Qg5 Nf2 27. Qxg6+ Kh8 28. g4 Bb7 29. Qh6+ Kg8 30. Qg6+ Kh8 31. Qh6+ Kg8 32. Qg5+ Kh8 33. Qh5+ Kg8 34. Qg5+ Kh8 35. Qe7 Kg8 36. Qxd7 Bd5 37. Qe7 Nxg4 38. Qg5+ Kf7 39. Qxg4 Rd8 40. Qh5+ 1-0